000 00668nam a2200193Ia 4500
999 _c36155
_d36155
001 2057
003 GE_BSU
005 20190520142430.0
008 181216s1960||||ge |||||||||||||| ||geo||
040 _cGE_BSU
041 _ageo
080 _a821.353.1–31 ჯ–14
100 _aჯავახიშვილი, მიხეილ
_91373
245 _aრჩეული თხზულებანი ექვს ტომად /
_bტ. 3 : რომანები.
264 _aთბილისი :
_bსაბჭ. საქართველო,
_c1960.
300 _a592 გვ. ;
_b21 სმ.
653 _aრომანები
942 _cBK
_2udc